00527nam a22001817a 450000500170000001000150001702000260003203500140005803700090007208200160008110000140009724500650011125000060017626000410018227000590022330000370028270000260031920260116170204.0 aENG-147514 a9789349750180c975.00 aEN-131046 bDBAD a612.007826 aPal, G K  aTextbook of Practical Physiology/cG K Pal [and] Pravati Pal a6 aHyderabadbUniversities Press c2026 a3-6-747/1/A&3-6-754/1,Himayatnagar,bHyderabade500029 axvi, 528p. bill.Indexc27cm(pb) aPal, Pravati eAuthor